|
|
|
|
| LEADER |
00000nab a2200000 a 4500 |
| 001 |
vtls000023384 |
| 003 |
SK-MaSNL |
| 005 |
20260304021400.0 |
| 008 |
160211c1979 xo 0 slo |
| 015 |
|
|
|a SNBRB19rr/mm-uuuuu
|
| 035 |
|
|
|a CL0033478
|
| 040 |
|
|
|a SNKBUCL
|b slo
|c SNKBUCL
|e AACR2
|
| 041 |
0 |
|
|a slo
|
| 044 |
|
|
|a xo
|c SK
|
| 080 |
|
|
|a 792.2.097
|2 1981
|
| 100 |
1 |
|
|a Strapko, M.
|4 aut
|9 1005305
|
| 245 |
1 |
0 |
|a Herecký koncert
|c M. Strapko
|
| 600 |
1 |
7 |
|a Zahradník, Osvald,
|d 1932-2017
|2 snkbucl
|9 170187
|
| 610 |
2 |
7 |
|a Československá televízia
|2 snkbucl
|9 215938
|
| 655 |
|
7 |
|a články z novín a časopisov
|2 snkbucl
|9 267496
|
| 773 |
0 |
|
|t Smena
|g Roč. 32, č. 53 (3. 3. 1979), s. 6
|
| 850 |
|
|
|a Slovenská národná knižnica v Martine
|a MTA001
|
| 852 |
|
|
|a SNK
|b KIS3GCP
|
| 958 |
|
|
|a RK
|
| 992 |
|
|
|a RBX
|
| 999 |
|
|
|c 2605441
|d 2607371
|